Seasonal changes of cambial activity and phloem development in Hevea brasiliensis (Record no. 45366)

MARC details
000 -LEADER
fixed length control field 00452nam a2200157Ia 4500
100 ## - MAIN ENTRY--AUTHOR NAME
Personal name Ji-lin Wu
245 #0 - TITLE STATEMENT
Title Seasonal changes of cambial activity and phloem development in Hevea brasiliensis
260 ## - PUBLICATION, DISTRIBUTION, ETC. (IMPRINT)
Name of publisher Acta Botanica Sinica
Year of publication 1986
300 ## - PHYSICAL DESCRIPTION
Number of Pages 156-160
650 ## - SUBJECT ADDED ENTRY--TOPICAL TERM
Topical Term Cambial activity
650 ## - SUBJECT ADDED ENTRY--TOPICAL TERM
Topical Term Hevea brasiliensis
650 ## - SUBJECT ADDED ENTRY--TOPICAL TERM
Topical Term Phloem development
700 ## - ADDED ENTRY--PERSONAL NAME
Personal name Bing-zhong Hao
942 ## - ADDED ENTRY ELEMENTS (KOHA)
Koha item type Reprints
Holdings
Withdrawn status Lost status Damaged status Not for loan Home library Current library Shelving location Date acquired Serial Enumeration / chronology Koha item type
      Reprints RRII Library RRII Library Botany 22/12/2021 Volume 28, Issue 2 Reprints